[Event "4th G. Agzamov Mem"]
[Site "Tashkent UZB"]
[Date "2010.03.29"]
[Round "7"]
[White "Egin, V."]
[Black "Iuldachev, S."]
[Result "1-0"]
[WhiteElo "2410"]
[BlackElo "2511"]
[PlyCount "67"]
[EventDate "2010.03.23"]
[EventType "swiss"]
[EventRounds "9"]
[EventCountry "UZB"]
[Source "Mark Crowther"]
[SourceDate "2010.04.05"]

1. e4 e5 2. Nf3 Nc6 3. Nc3 Bb4 4. Nd5 Ba5 5. Bc4 Nf6 6. O-O d6 7. d3 h6 8. c3
O-O 9. b4 Bb6 10. a4 a6 11. Nxb6 cxb6 12. Re1 Re8 13. Bd2 Bd7 14. Qb3 Be6 15.
Bxe6 Rxe6 16. c4 Nh5 17. b5 Nb8 18. bxa6 Nxa6 19. Reb1 Nc5 20. Qxb6 Qf6 21. Ne1
Nf4 22. Bxf4 Qxf4 23. Qb2 Rf8 24. Qe2 f5 25. f3 Rg6 26. a5 h5 27. Ra2 fxe4 28.
dxe4 Qf7 29. Rab2 h4 30. h3 Ne6 31. Rxb7 Nf4 32. Rxf7 Nxe2+ 33. Kf2 Nf4 34. Ke3
1-0

[Event "4th G. Agzamov Mem"]
[Site "Tashkent UZB"]
[Date "2010.03.29"]
[Round "7"]
[White "Filippov, An UZB"]
[Black "Eminov, A."]
[Result "1-0"]
[WhiteElo "2598"]
[BlackElo "2218"]
[PlyCount "124"]
[EventDate "2010.03.23"]
[EventType "swiss"]
[EventRounds "9"]
[EventCountry "UZB"]
[Source "Mark Crowther"]
[SourceDate "2010.04.05"]

1. e4 e5 2. Nf3 Nf6 3. Nxe5 d6 4. Nf3 Nxe4 5. d4 d5 6. Bd3 Be7 7. O-O Nc6 8. c4
Nf6 9. h3 Nb4 10. Be2 dxc4 11. Bxc4 O-O 12. Nc3 c6 13. Re1 Bf5 14. g4 Bc8 15.
Qe2 Nbd5 16. g5 Nxc3 17. bxc3 Nd5 18. Bxd5 Qxd5 19. Qxe7 Bxh3 20. Qe4 Qa5 21.
Bd2 f6 22. g6 Qh5 23. gxh7+ Kh8 24. Nh2 f5 25. Qf3 Bg4 26. Nxg4 fxg4 27. Qg2
Rf6 28. Re5 Qf7 29. Be3 Rg6 30. Bg5 Rf8 31. Qg3 Kxh7 32. a4 Re6 33. Rae1 Ree8
34. Be7 Rh8 35. Qxg4 Kg8 36. Qe6 Qxe6 37. Rxe6 Rh5 38. R6e5 Rh6 39. Bb4 Rxe5
40. Rxe5 b6 41. a5 Rg6+ 42. Kf1 Rh6 43. Ke2 Rf6 44. Re8+ Kh7 45. Re7 c5 46.
dxc5 bxa5 47. Bxa5 Ra6 48. Bc7 Kg6 49. Be5 Kf5 50. Bxg7 Rc6 51. Rxa7 Rxc5 52.
Bd4 Rc8 53. Kd3 Ke6 54. Ra6+ Kd7 55. c4 Rf8 56. c5 Rf3+ 57. Kc4 Kc7 58. Rf6 Rh3
59. f4 Rh4 60. Be5+ Kc8 61. c6 Rh8 62. Rf7 Kd8 1-0

[Event "4th G. Agzamov Mem"]
[Site "Tashkent UZB"]
[Date "2010.03.30"]
[Round "8"]
[White "Golod, V."]
[Black "Filippov, An UZB"]
[Result "1/2-1/2"]
[WhiteElo "2590"]
[BlackElo "2598"]
[PlyCount "60"]
[EventDate "2010.03.23"]
[EventType "swiss"]
[EventRounds "9"]
[EventCountry "UZB"]
[Source "Mark Crowther"]
[SourceDate "2010.04.05"]

1. d4 Nf6 2. c4 e6 3. Nc3 Bb4 4. Qc2 d5 5. cxd5 exd5 6. Bg5 h6 7. Bxf6 Qxf6 8.
a3 Bxc3+ 9. Qxc3 O-O 10. e3 c6 11. Ne2 Re8 12. Ng3 Nd7 13. Bd3 c5 14. O-O cxd4
15. Qxd4 Qxd4 16. exd4 Nf8 17. Rac1 Ne6 18. Ne2 Bd7 19. f3 Rac8 20. Kf2 Kf8 21.
Rxc8 Rxc8 22. Ke3 Re8 23. Kd2 Ke7 24. Rc1 Kd6 25. h4 g6 26. Rh1 h5 27. Re1 a6
28. Rc1 Rh8 29. Re1 Re8 30. Rc1 Rh8 1/2-1/2

[Event "4th G. Agzamov Mem"]
[Site "Tashkent UZB"]
[Date "2010.03.30"]
[Round "8"]
[White "Tseshkovsky, V."]
[Black "Nazhmeddinov, S."]
[Result "1-0"]
[WhiteElo "2549"]
[BlackElo "2190"]
[PlyCount "51"]
[EventDate "2010.03.23"]
[EventType "swiss"]
[EventRounds "9"]
[EventCountry "UZB"]
[Source "Mark Crowther"]
[SourceDate "2010.04.05"]

1. e4 c5 2. Nf3 e6 3. d4 cxd4 4. Nxd4 a6 5. Nc3 Qc7 6. Bd3 Nf6 7. O-O d6 8. Kh1
Nc6 9. Be3 Be7 10. f4 Nxd4 11. Bxd4 e5 12. Be3 Be6 13. Qf3 O-O 14. f5 Bd7 15.
g4 Bc6 16. g5 Ne8 17. f6 Bd8 18. fxg7 Nxg7 19. Nd5 Bxd5 20. exd5 f5 21. gxf6
Bxf6 22. Qh3 h5 23. Rg1 Qf7 24. Be4 Kh8 25. Rg6 Qe7 26. Rag1 1-0

[Event "4th G. Agzamov Mem"]
[Site "Tashkent UZB"]
[Date "2010.03.30"]
[Round "8"]
[White "Saidov, B."]
[Black "Saduakassova, D."]
[Result "1-0"]
[WhiteElo "2361"]
[BlackElo "2094"]
[PlyCount "61"]
[EventDate "2010.03.23"]
[EventType "swiss"]
[EventRounds "9"]
[EventCountry "UZB"]
[Source "Mark Crowther"]
[SourceDate "2010.04.05"]

1. e4 e5 2. d4 exd4 3. Qxd4 Nc6 4. Qe3 d6 5. Nc3 g6 6. Bd2 Bg7 7. O-O-O Be6 8.
f4 Nge7 9. Nd5 O-O 10. Bc3 Bxd5 11. Bxg7 Kxg7 12. Qc3+ Kg8 13. exd5 Nb8 14. h4
Nd7 15. h5 Nf5 16. g4 Ng7 17. h6 Ne8 18. g5 f6 19. Re1 Rf7 20. Bh3 f5 21. Nf3
Nf8 22. Nd4 Re7 23. Rxe7 Qxe7 24. Re1 Qf7 25. Qb3 Nd7 26. Qxb7 Rb8 27. Qc6 Nc5
28. b4 Nd7 29. Qc3 Nb6 30. Nc6 Nxd5 31. Qd4 1-0

[Event "4th G. Agzamov Mem"]
[Site "Tashkent UZB"]
[Date "2010.03.30"]
[Round "8"]
[White "Ziatdinov, R."]
[Black "Khamroev, R."]
[Result "1-0"]
[WhiteElo "2410"]
[BlackElo "2175"]
[PlyCount "45"]
[EventDate "2010.03.23"]
[EventType "swiss"]
[EventRounds "9"]
[EventCountry "UZB"]
[Source "Mark Crowther"]
[SourceDate "2010.04.05"]

1. e4 d5 2. exd5 Qxd5 3. Nf3 Nf6 4. d4 g6 5. c4 Qd8 6. Be2 Bg7 7. O-O O-O 8.
Nc3 c6 9. h3 Na6 10. Bf4 Nc7 11. Qd2 Bf5 12. Qe3 b5 13. Ne5 Bd7 14. Bf3 bxc4
15. Bxc6 Be6 16. Bxa8 Nxa8 17. Nc6 Qd7 18. d5 Bxd5 19. Nxe7+ Kh8 20. Rad1 Nb6
21. Qc5 Rd8 22. Be5 Qe6 23. Bxf6 1-0

[Event "4th G. Agzamov Mem"]
[Site "Tashkent UZB"]
[Date "2010.03.30"]
[Round "8"]
[White "Turov, M."]
[Black "Yurtaev, L."]
[Result "1-0"]
[WhiteElo "2609"]
[BlackElo "2469"]
[PlyCount "85"]
[EventDate "2010.03.23"]
[EventType "swiss"]
[EventRounds "9"]
[EventCountry "UZB"]
[Source "Mark Crowther"]
[SourceDate "2010.04.05"]

1. d4 Nf6 2. c4 g6 3. Nc3 Bg7 4. e4 d6 5. Nf3 O-O 6. Be2 e5 7. O-O Nc6 8. d5
Ne7 9. Nd2 c5 10. dxc6 bxc6 11. b4 Rb8 12. Ba3 Bb7 13. Nb3 d5 14. Nc5 d4 15.
N3a4 Bc8 16. Nb2 Ne8 17. Qa4 Qc7 18. Na6 Bxa6 19. Qxa6 f5 20. f3 Nf6 21. Bd3
Bh6 22. c5 fxe4 23. fxe4 Be3+ 24. Kh1 Ng4 25. Nd1 Rxf1+ 26. Bxf1 Rf8 27. h3
Nf2+ 28. Nxf2 Rxf2 29. b5 cxb5 30. Bxb5 Nc8 31. Rb1 Kg7 32. Bd7 Qd8 33. Qxc8
Qa5 34. Bf5 Kh6 35. Qf8+ Kh5 36. Qf7 Kh6 37. Qf8+ Kh5 38. Bg4+ Kh4 39. Qe7+ Bg5
40. g3+ Kxg3 41. Rg1+ Kf4 42. Qf7+ Kxe4 43. Qxf2 1-0

[Event "4th G. Agzamov Mem"]
[Site "Tashkent UZB"]
[Date "2010.03.30"]
[Round "8"]
[White "Ismagambetov, An"]
[Black "Vakhidov, T."]
[Result "1/2-1/2"]
[WhiteElo "2508"]
[BlackElo "2516"]
[PlyCount "59"]
[EventDate "2010.03.23"]
[EventType "swiss"]
[EventRounds "9"]
[EventCountry "UZB"]
[Source "Mark Crowther"]
[SourceDate "2010.04.05"]

1. e4 c5 2. b3 Nc6 3. Bb2 e5 4. Bc4 Nf6 5. d3 a6 6. a4 d5 7. exd5 Nxd5 8. Qf3
Be6 9. Ne2 Be7 10. Nbc3 Nc7 11. O-O O-O 12. Rae1 Kh8 13. Qe3 Rb8 14. f4 exf4
15. Nxf4 Bf6 16. Kh1 Nd4 17. Qf2 b5 18. axb5 axb5 19. Bxe6 Ndxe6 20. Nh5 Bd4
21. Qf3 Rb6 22. Ba1 g6 23. Ng3 Qa8 24. Qg4 f5 25. Qh3 Ra6 26. Nge2 Bg7 27. Qg3
Qc6 28. Bb2 Qd6 29. Qh3 Nd4 30. Nxd4 1/2-1/2

[Event "4th G. Agzamov Mem"]
[Site "Tashkent UZB"]
[Date "2010.03.30"]
[Round "8"]
[White "Tiviakov, S."]
[Black "Muminova, N."]
[Result "1-0"]
[WhiteElo "2653"]
[BlackElo "2338"]
[PlyCount "73"]
[EventDate "2010.03.23"]
[EventType "swiss"]
[EventRounds "9"]
[EventCountry "UZB"]
[Source "Mark Crowther"]
[SourceDate "2010.04.05"]

1. e4 e6 2. d4 d5 3. Nd2 Nf6 4. e5 Nfd7 5. c3 c5 6. Bd3 Nc6 7. Ne2 cxd4 8. cxd4
f6 9. exf6 Nxf6 10. O-O Bd6 11. Nf3 Qc7 12. Bg5 O-O 13. Rc1 h6 14. Bd2 Ng4 15.
Ng3 Qb6 16. Bc3 Bf4 17. Ra1 e5 18. dxe5 Ncxe5 19. Be2 Be6 20. Nxe5 Nxe5 21. Nh5
Ng6 22. Bxg7 Rf7 23. Bd4 Qd6 24. g3 Bg5 25. Bg4 Raf8 26. Qe2 Bxg4 27. Qxg4 Qb4
28. Rae1 Kh7 29. Re6 Rg8 30. Qd1 Qc4 31. b3 Qc8 32. Rfe1 Nh4 33. Qd3+ Rf5 34.
gxh4 Be3+ 35. Ng3 Qxe6 36. Rxe3 Qd7 37. Rf3 1-0

[Event "4th G. Agzamov Mem"]
[Site "Tashkent UZB"]
[Date "2010.03.30"]
[Round "8"]
[White "Egin, V."]
[Black "Kotsur, P."]
[Result "0-1"]
[WhiteElo "2410"]
[BlackElo "2565"]
[PlyCount "89"]
[EventDate "2010.03.23"]
[EventType "swiss"]
[EventRounds "9"]
[EventCountry "UZB"]
[Source "Mark Crowther"]
[SourceDate "2010.04.05"]

1. e4 e6 2. d4 d5 3. Nd2 c5 4. exd5 Qxd5 5. Ngf3 cxd4 6. Bc4 Qd6 7. O-O Nf6 8.
Nb3 Nc6 9. Nbxd4 Nxd4 10. Qxd4 Qxd4 11. Nxd4 Bd7 12. Bf4 Rc8 13. Bb3 Bc5 14.
Rad1 O-O 15. a4 Rfd8 16. c3 a6 17. Rfe1 Be8 18. Nxe6 fxe6 19. Bxe6+ Bf7 20.
Bxc8 Rxc8 21. Be3 Bb3 22. Ra1 Bf8 23. a5 Ne4 24. Re2 Nd6 25. Ra3 Bc4 26. Re1
Bf7 27. Raa1 Nc4 28. Bd4 Bd5 29. Re2 Nd6 30. Rae1 Bf7 31. h3 h6 32. f4 Nc4 33.
b4 Rd8 34. Kh2 Bxb4 35. Bxg7 Bxa5 36. Bf6 Rd6 37. Be5 Nxe5 38. fxe5 Rc6 39. e6
Be8 40. Rf1 Bxc3 41. e7 Bf6 42. g4 Kg7 43. Kg3 a5 44. Re3 a4 45. h4 0-1

[Event "4th G. Agzamov Mem"]
[Site "Tashkent UZB"]
[Date "2010.03.30"]
[Round "8"]
[White "Iuldachev, S."]
[Black "Kasyan, A."]
[Result "1/2-1/2"]
[WhiteElo "2511"]
[BlackElo "2296"]
[PlyCount "104"]
[EventDate "2010.03.23"]
[EventType "swiss"]
[EventRounds "9"]
[EventCountry "UZB"]
[Source "Mark Crowther"]
[SourceDate "2010.04.05"]

1. e4 e5 2. Nf3 Nc6 3. Nc3 Nf6 4. Bb5 Bb4 5. O-O O-O 6. d3 Bxc3 7. bxc3 d6 8.
Bg5 Qe7 9. Re1 Bg4 10. h3 Bh5 11. g4 Bg6 12. Nd2 Nd8 13. Qf3 Ne6 14. Bxf6 Qxf6
15. Qxf6 gxf6 16. f3 h5 17. Kf2 Kg7 18. Rh1 Rh8 19. Kg3 Nf4 20. d4 d5 21. Rae1
dxe4 22. fxe4 Rad8 23. Bd3 hxg4 24. hxg4 Rxh1 25. Rxh1 c6 26. Nf3 Ne6 27. Rb1
b6 28. dxe5 fxe5 29. Nxe5 Nc5 30. Nxc6 Rd6 31. Nd4 Bxe4 32. Re1 Bg6 33. Re7 Rd7
34. Re3 Rd6 35. Bf5 Na4 36. Nb5 Rd2 37. Re4 Nc5 38. Rd4 Re2 39. Bxg6 fxg6 40.
Nxa7 Rxc2 41. Nb5 Rxa2 42. Rd5 Rb2 43. Nd4 Rd2 44. Ne6+ Kf6 45. Rxd2 Ne4+ 46.
Kf4 Nxd2 47. Nc7 Nc4 48. Ke4 Kg5 49. Kd4 Na3 50. Nd5 Kxg4 51. Nxb6 Nb5+ 52. Kd3
Nxc3 1/2-1/2

[Event "4th G. Agzamov Mem"]
[Site "Tashkent UZB"]
[Date "2010.03.30"]
[Round "8"]
[White "Mchedlishvili, M."]
[Black "Holmirzaev, B."]
[Result "1-0"]
[WhiteElo "2634"]
[BlackElo "2344"]
[PlyCount "85"]
[EventDate "2010.03.23"]
[EventType "swiss"]
[EventRounds "9"]
[EventCountry "UZB"]
[Source "Mark Crowther"]
[SourceDate "2010.04.05"]

1. d4 d5 2. Nf3 Nc6 3. c4 Bg4 4. Nc3 e6 5. cxd5 exd5 6. Bf4 Bd6 7. Bg3 Nge7 8.
e3 O-O 9. Qb3 Bxf3 10. gxf3 Bxg3 11. hxg3 Qd6 12. f4 a5 13. a3 g6 14. Bg2 Rfd8
15. Bf3 Ra6 16. Kf1 Rb6 17. Qc2 Nb8 18. Kg2 f5 19. Na4 Rc6 20. Qb3 b6 21. Nc3
Kg7 22. e4 fxe4 23. Nxe4 Qd7 24. Ng5 h6 25. Rxh6 Kxh6 26. Qe3 Kg7 27. Rh1 Qd6
28. Rh7+ Kf8 29. Rf7+ Ke8 30. Be2 Rc4 31. b3 Rc6 32. Bb5 Kd7 33. Nf3 Re8 34.
Ne5+ Kd8 35. g4 Qxa3 36. Rg7 Rf6 37. Bxe8 Kxe8 38. Nxg6 Nbc6 39. g5 Rf7 40.
Rg8+ Kd7 41. Nf8+ Rxf8 42. Rxf8 Qa1 43. Qh3+ 1-0

[Event "4th G. Agzamov Mem"]
[Site "Tashkent UZB"]
[Date "2010.03.30"]
[Round "8"]
[White "Jumabayev, R."]
[Black "Guseinov, G."]
[Result "1-0"]
[WhiteElo "2542"]
[BlackElo "2609"]
[PlyCount "229"]
[EventDate "2010.03.23"]
[EventType "swiss"]
[EventRounds "9"]
[EventCountry "UZB"]
[Source "Mark Crowther"]
[SourceDate "2010.04.05"]

1. d4 d6 2. c4 g6 3. Nc3 Bg7 4. e4 Nf6 5. f3 O-O 6. Be3 c5 7. Nge2 cxd4 8. Nxd4
Nc6 9. Qd2 Bd7 10. Be2 a5 11. Ndb5 a4 12. O-O Qa5 13. Rfd1 Be6 14. Rac1 Nd7 15.
Bf1 Rfc8 16. Qf2 Nb4 17. a3 Na6 18. Nd5 Qd8 19. Bg5 Bxd5 20. exd5 Bf6 21. Be3
Ndc5 22. g3 Qb6 23. Rc2 Nc7 24. Nd4 Qa5 25. Bd2 Qb6 26. Be3 Qa5 27. h4 Re8 28.
Bh3 Qa6 29. Kh2 e6 30. dxe6 N5xe6 31. Bf1 Nxd4 32. Bxd4 Bxd4 33. Qxd4 Rad8 34.
Rcd2 Qc6 35. Bg2 Ne6 36. Qd5 Qc7 37. f4 Nc5 38. h5 Qe7 39. Bf3 Qf6 40. Kg2 Kg7
41. Qd4 Qxd4 42. Rxd4 Re6 43. Rd5 b6 44. Kf2 f5 45. R5d2 Kf6 46. Bd5 Re7 47.
Bc6 Re6 48. Bd5 Re7 49. Bc6 Re6 50. Kf3 Rc8 51. Bb5 Rd8 52. hxg6 hxg6 53. Rh2
Re7 54. Bc6 Rc7 55. Bb5 Re7 56. Bc6 Rc7 57. Bd5 Re7 58. g4 Rde8 59. g5+ Kg7 60.
Rf2 Re3+ 61. Kg2 Nd3 62. Rff1 Rh8 63. Rf3 Rxf3 64. Bxf3 Nxf4+ 65. Kg3 Ne6 66.
Rxd6 Nxg5 67. Bd5 Rh3+ 68. Kf4 Rh4+ 69. Ke5 f4 70. Rd7+ Kh6 71. Rd6 f3 72. Rxb6
Rh2 73. Rf6 Re2+ 74. Kd4 Kg7 75. Rf4 Rxb2 76. c5 Rd2+ 77. Ke5 f2 78. c6 Rc2 79.
Kd6 Nh3 80. Rf7+ Kh6 81. c7 Kg5 82. Rxf2 Nxf2 83. Bc6 Rd2+ 84. Ke7 Ng4 85. c8=Q
Nh6 86. Bd7 Re2+ 87. Kf8 Nf5 88. Qc1+ Kf6 89. Qc3+ Re5 90. Bxa4 g5 91. Bd1 Ne3
92. Qc6+ Kf5 93. Bc2+ Kf4 94. Qf6+ Nf5 95. Kg8 Re8+ 96. Kf7 Re5 97. Ba4 g4 98.
Bc6 g3 99. a4 Rc5 100. Ke8 Rc2 101. Qg6 Rd2 102. Qh7 Rh2 103. Qg8 Rc2 104. Qd5
g2 105. Qe4+ Kg5 106. Qxg2+ Rxg2 107. Bxg2 Nd6+ 108. Kd7 Nc4 109. Kc7 Kf6 110.
Bd5 Na3 111. a5 Nb5+ 112. Kc6 Na7+ 113. Kb6 Nc8+ 114. Kc7 Na7 115. Bc4 1-0

[Event "4th G. Agzamov Mem"]
[Site "Tashkent UZB"]
[Date "2010.03.31"]
[Round "9"]
[White "Yurtaev, L."]
[Black "Saidov, B."]
[Result "1-0"]
[WhiteElo "2469"]
[BlackElo "2361"]
[PlyCount "75"]
[EventDate "2010.03.23"]
[EventType "swiss"]
[EventRounds "9"]
[EventCountry "UZB"]
[Source "Mark Crowther"]
[SourceDate "2010.04.05"]

1. e4 e5 2. Nf3 Nc6 3. Bb5 Nge7 4. c3 d6 5. d4 Bd7 6. Nbd2 Ng6 7. g3 Be7 8. h4
Bf6 9. d5 Nb8 10. Qb3 Qc8 11. Be2 c6 12. Nc4 Qc7 13. Qxb7 Bd8 14. Qxa8 O-O 15.
Be3 c5 16. h5 Ne7 17. Nfxe5 Bc8 18. Nf3 Ba6 19. Nfd2 f6 20. Nxd6 Bxe2 21. Kxe2
Qxd6 22. Qxa7 Nc8 23. Qxc5 Qd7 24. Nc4 Re8 25. Rh4 Be7 26. d6 Bf8 27. Rd1 Nc6
28. Kf1 Re6 29. Kg1 Nxd6 30. Nxd6 Bxd6 31. Qd5 Ne7 32. Qb3 Kf8 33. Bc5 Nc8 34.
e5 fxe5 35. Rb4 Qe7 36. Rb8 Bxc5 37. Rxc8+ Kf7 38. Rc6 1-0

[Event "4th G. Agzamov Mem"]
[Site "Tashkent UZB"]
[Date "2010.03.31"]
[Round "9"]
[White "Zhigalko, S."]
[Black "Turov, M."]
[Result "1/2-1/2"]
[WhiteElo "2648"]
[BlackElo "2609"]
[PlyCount "78"]
[EventDate "2010.03.23"]
[EventType "swiss"]
[EventRounds "9"]
[EventCountry "UZB"]
[Source "Mark Crowther"]
[SourceDate "2010.04.05"]

1. e4 c6 2. d4 d5 3. e5 Bf5 4. Nf3 e6 5. Be2 c5 6. Be3 Qb6 7. Nc3 Nc6 8. dxc5
Bxc5 9. Bxc5 Qxc5 10. Nb5 Kf8 11. Nbd4 Nge7 12. O-O Be4 13. Re1 h6 14. c3 Qb6
15. b3 Rc8 16. Nxc6 Nxc6 17. Bd3 Bxf3 18. Qxf3 Qc7 19. Qg3 g6 20. h4 h5 21. Qf4
Kg7 22. Qf6+ Kg8 23. Re3 Qe7 24. Qf4 Nb8 25. Bc2 Kg7 26. Rd1 Nd7 27. Rg3 b5 28.
Rdd3 a5 29. Rdf3 Rh6 30. Rg5 Rh7 31. Bd3 Nc5 32. Bc2 Nd7 33. Bd3 Nc5 34. Bb1
Nd7 35. Kh2 Kg8 36. Bd3 Nc5 37. Bb1 Nd7 38. Qg3 Rg7 39. Qf4 Rh7 1/2-1/2

[Event "4th G. Agzamov Mem"]
[Site "Tashkent UZB"]
[Date "2010.03.31"]
[Round "9"]
[White "Mchedlishvili, M."]
[Black "Jumabayev, R."]
[Result "1/2-1/2"]
[WhiteElo "2634"]
[BlackElo "2542"]
[PlyCount "62"]
[EventDate "2010.03.23"]
[EventType "swiss"]
[EventRounds "9"]
[EventCountry "UZB"]
[Source "Mark Crowther"]
[SourceDate "2010.04.05"]

1. d4 Nf6 2. c4 e6 3. Nf3 d5 4. Nc3 c6 5. Bg5 h6 6. Bh4 dxc4 7. e4 g5 8. Bg3 b5
9. Be2 Bb7 10. O-O Nbd7 11. Ne5 h5 12. Nxd7 Qxd7 13. Be5 Rh6 14. f3 Qd8 15. Qc1
Nd7 16. Bg3 e5 17. dxe5 h4 18. Bf2 Nxe5 19. f4 gxf4 20. Qxf4 Qe7 21. Rad1 Bg7
22. Bd4 Rf6 23. Qc1 Rxf1+ 24. Bxf1 h3 25. Qe3 hxg2 26. Bxg2 Rd8 27. Bxa7 b4 28.
Rxd8+ Qxd8 29. Ne2 Qd3 30. Bf1 Nf3+ 31. Kf2 Nd2 1/2-1/2

[Event "4th G. Agzamov Mem"]
[Site "Tashkent UZB"]
[Date "2010.03.31"]
[Round "9"]
[White "Guseinov, G."]
[Black "Ziatdinov, R."]
[Result "1-0"]
[WhiteElo "2609"]
[BlackElo "2410"]
[PlyCount "71"]
[EventDate "2010.03.23"]
[EventType "swiss"]
[EventRounds "9"]
[EventCountry "UZB"]
[Source "Mark Crowther"]
[SourceDate "2010.04.05"]

1. e4 e5 2. Nf3 Nc6 3. Bb5 g6 4. d4 exd4 5. Bg5 Be7 6. Bxe7 Qxe7 7. Bxc6 bxc6
8. Qxd4 Nf6 9. Nc3 O-O 10. O-O-O Rb8 11. e5 Ne8 12. a3 f6 13. Rhe1 Qf7 14. exf6
Nxf6 15. Qxa7 Bb7 16. Qd4 Rfc8 17. Rd2 Nd5 18. Nxd5 cxd5 19. Qc3 d4 20. Rxd4 c5
21. Rd6 Rf8 22. Ne5 Qf4+ 23. Kb1 Bxg2 24. Rxd7 Rbe8 25. Nd3 Qh6 26. Rxe8 Rxe8
27. Qc4+ Kh8 28. Qxc5 Bh3 29. Re7 Rf8 30. Qe5+ Kg8 31. Qd5+ Kh8 32. Qd4+ Kg8
33. Qc4+ Kh8 34. Qc3+ Kg8 35. Ne5 Qh5 36. Ng4 1-0

[Event "4th G. Agzamov Mem"]
[Site "Tashkent UZB"]
[Date "2010.03.31"]
[Round "9"]
[White "Holmirzaev, B."]
[Black "Temirov, B."]
[Result "0-1"]
[WhiteElo "2344"]
[BlackElo "2258"]
[PlyCount "128"]
[EventDate "2010.03.23"]
[EventType "swiss"]
[EventRounds "9"]
[EventCountry "UZB"]
[Source "Mark Crowther"]
[SourceDate "2010.04.05"]

1. d4 d5 2. c4 c6 3. e3 Nf6 4. Nc3 e6 5. Bd3 Bd6 6. cxd5 exd5 7. Nf3 Bg4 8. h3
Bh5 9. O-O O-O 10. Re1 Nbd7 11. e4 dxe4 12. Nxe4 Nxe4 13. Bxe4 Nf6 14. Bg5 Bc7
15. g4 Bg6 16. Bxg6 hxg6 17. Qb3 Qd6 18. Bxf6 gxf6 19. d5 cxd5 20. Rad1 Bb6 21.
Kg2 Rad8 22. Nd4 Rfe8 23. Rxe8+ Rxe8 24. Qf3 Re4 25. Ne2 Qe5 26. Rd2 Ba5 27.
Nc3 Rf4 28. Qxd5 Bxc3 29. bxc3 Qxc3 30. Qd3 Qc5 31. Rc2 Qb6 32. Qb3 Rb4 33. Qg3
Kg7 34. Qc7 Qxc7 35. Rxc7 Rb2 36. a4 a5 37. Kf3 Rb3+ 38. Kg2 Rb4 39. Kg3 b6 40.
Rc6 Rxa4 41. Rxb6 Ra3+ 42. f3 Ra1 43. Ra6 a4 44. h4 g5 45. hxg5 fxg5 46. Kh3 a3
47. Kg2 Kf8 48. Ra5 a2 49. Ra8+ Ke7 50. Ra7+ Kd6 51. Ra6+ Kc5 52. Ra5+ Kd4 53.
Ra4+ Kc3 54. Ra8 f6 55. Kh2 Kb3 56. Rb8+ Kc4 57. Rc8+ Kd5 58. Rd8+ Ke6 59. Ra8
Rf1 60. Rxa2 Rxf3 61. Rg2 Ke5 62. Rg3 Rxg3 63. Kxg3 Ke4 64. Kg2 Kf4 0-1

[Event "4th G. Agzamov Mem"]
[Site "Tashkent UZB"]
[Date "2010.03.31"]
[Round "9"]
[White "Karimov, I."]
[Black "Ismagambetov, An"]
[Result "0-1"]
[WhiteElo "2340"]
[BlackElo "2508"]
[PlyCount "78"]
[EventDate "2010.03.23"]
[EventType "swiss"]
[EventRounds "9"]
[EventCountry "UZB"]
[Source "Mark Crowther"]
[SourceDate "2010.04.05"]

1. e4 c5 2. Nf3 e6 3. Nc3 Nc6 4. Bb5 Nge7 5. O-O g6 6. Bxc6 Nxc6 7. e5 Bg7 8.
d4 cxd4 9. Ne4 O-O 10. Bg5 Qa5 11. Re1 d6 12. Nxd6 h6 13. Bf4 Qd5 14. Qe2 Bd7
15. Rad1 Qxa2 16. b3 Qa5 17. Nxb7 Qb6 18. Nd6 a5 19. Ne4 g5 20. Bxg5 hxg5 21.
Nfxg5 Nxe5 22. Qh5 Rfd8 23. Nf6+ Bxf6 24. Rxe5 Be8 25. Re4 Rd5 26. Rg4 Kf8 27.
Nh7+ Ke7 28. Qh6 Be5 29. c4 Qxb3 30. Re1 Qxc4 31. Qf8+ Kd7 32. Rge4 Rb8 33. f4
Bd6 34. Nf6+ Kc6 35. Qg7 Rf5 36. Kh1 Qc2 37. h3 d3 38. Nxe8 Rxe8 39. Qa1 d2 0-1

[Event "4th G. Agzamov Mem"]
[Site "Tashkent UZB"]
[Date "2010.03.31"]
[Round "9"]
[White "Vakhidov, T."]
[Black "Egin, V."]
[Result "1/2-1/2"]
[WhiteElo "2516"]
[BlackElo "2410"]
[PlyCount "79"]
[EventDate "2010.03.23"]
[EventType "swiss"]
[EventRounds "9"]
[EventCountry "UZB"]
[Source "Mark Crowther"]
[SourceDate "2010.04.05"]

1. c4 e5 2. Nc3 Nf6 3. Nf3 Nc6 4. g3 Bb4 5. Bg2 O-O 6. O-O e4 7. Ne1 Bxc3 8.
dxc3 h6 9. Nc2 b6 10. Ne3 Bb7 11. Qc2 Re8 12. b3 d6 13. f4 exf3 14. exf3 Ne7
15. Bb2 Qd7 16. Qf2 Rad8 17. Rad1 Nf5 18. Nc2 Ne7 19. Ne3 Nf5 20. Nc2 Qc8 21.
Bh3 Bc6 22. Bc1 Bd7 23. Bg2 Bc6 24. Bh3 Bd7 25. Bg2 Ne7 26. Rfe1 Ng6 27. Ne3
Ne7 28. Nc2 Ng6 29. Ne3 Re7 30. Nd5 Nxd5 31. cxd5 Rde8 32. f4 Bg4 33. Rxe7 Rxe7
34. Re1 Qf5 35. Be3 Kf8 36. c4 a5 37. Qf1 Qc2 38. Qf2 Qf5 39. Qf1 Qc2 40. Qf2
1/2-1/2

[Event "4th G. Agzamov Mem"]
[Site "Tashkent UZB"]
[Date "2010.03.31"]
[Round "9"]
[White "Filippov, An UZB"]
[Black "Tseshkovsky, V."]
[Result "1/2-1/2"]
[WhiteElo "2598"]
[BlackElo "2549"]
[PlyCount "38"]
[EventDate "2010.03.23"]
[EventType "swiss"]
[EventRounds "9"]
[EventCountry "UZB"]
[Source "Mark Crowther"]
[SourceDate "2010.04.05"]

1. e4 d6 2. d4 Nf6 3. Nc3 g6 4. Nf3 Bg7 5. Be2 O-O 6. O-O c6 7. Re1 Nbd7 8. Bf4
Qb6 9. Rb1 e5 10. dxe5 dxe5 11. Be3 Qc7 12. a4 Ng4 13. Bg5 Nc5 14. Bc4 h6 15.
Bh4 Nf6 16. Qd2 Nh5 17. Qe3 Ne6 18. Ne2 Nhf4 19. c3 Qb6 1/2-1/2

[Event "4th G. Agzamov Mem"]
[Site "Tashkent UZB"]
[Date "2010.03.31"]
[Round "9"]
[White "Li, Geo"]
[Black "Kvon, A."]
[Result "0-1"]
[WhiteElo "2110"]
[BlackElo "2455"]
[PlyCount "108"]
[EventDate "2010.03.23"]
[EventType "swiss"]
[EventRounds "9"]
[EventCountry "UZB"]
[Source "Mark Crowther"]
[SourceDate "2010.04.05"]

1. d4 b6 2. e4 Bb7 3. Nc3 e6 4. Bd3 Nf6 5. Nge2 c5 6. O-O Nc6 7. d5 Ne5 8. f4
Nxd3 9. Qxd3 Qc8 10. b3 Ba6 11. Qf3 c4 12. Kh1 Bb4 13. Rd1 cxb3 14. Bb2 Bxe2
15. Nxe2 bxc2 16. Rd3 Qc5 17. a3 Ba5 18. Nd4 O-O 19. Rc1 Rfc8 20. Rxc2 Qf8 21.
h3 Ne8 22. e5 Rxc2 23. Nxc2 Rc8 24. Ne3 Qc5 25. f5 Qb5 26. fxe6 fxe6 27. dxe6
dxe6 28. Qb7 Rc7 29. Qb8 Kf7 30. Qd8 Qxb2 31. Nc4 Qc1+ 32. Kh2 Qf4+ 33. Kg1
Qc1+ 34. Kh2 Qf4+ 35. Kg1 Rxc4 36. Rf3 Rc1+ 37. Kf2 Rc2+ 38. Kf1 Rc1+ 39. Ke2
Rc2+ 40. Kf1 Qxf3+ 41. gxf3 Rc7 42. Ke2 Re7 43. Qb8 Nc7 44. Qxa7 Nd5 45. Qb8
Rc7 46. Kf2 Bd2 47. Qh8 Be3+ 48. Ke2 Rc3 49. f4 Nxf4+ 50. Kf3 Nxh3 51. Qb8 Bc5+
52. Kg4 Nf2+ 53. Kf4 Be7 54. Qa8 g5# 0-1